000 01660nam a2200301 u 4500
001 000401229
003 AM-YeHGA
005 20250618072356.0
008 041227s1989 ai r 000 0 rus d
020 _a5540008146
040 _aAM-YeHGA
041 0 _arus
245 0 0 _aКрасная книга Армянской ССР :
_bРедкие и находящиеся под угрозой исчезновения виды растений /
_cАН АрмССР, Ин-т ботаники; Сост. Э.Ц. Габриэлян и др.; Отв. ред. В.О. Казарян; Науч. ред. Э.Ц. Габриэлян.
246 3 5 _aRed Data Book of Armenian SSR :
_bRade and Endangered Species of Plnts
246 3 5 _aՀայկական ՍՍՀ Կարմիր գիրք :
_bՀազվադեպ և անհետացման եզրին կանգնած բույսերի տեսակներ
246 3 4 _aКрасная книга Армянской ССР :
_bРастения
260 _aЕреван :
_bАйастан,
_c1989.
300 _a284 с. :
_bил., карты ;
_c27 см.
504 _aБиблиогр.: с. 267-270
546 _aПредисл. парал.: рус., англ., арм.
650 1 4 _aРастения
_xОхрана
_zАрмянскай ССР
650 1 4 _aОхрана окружающей среды
650 1 4 _aБотаника
700 1 _aԳաբրիելյան, Էլեոնորա Ցոլակի,
_d1929-
_eсост., науч. ред.
_4com
_4edt
_91844
700 1 _aՂազարյան, Վահան Հովսեփի,
_d1918-2002
_eред.
_4edt
_91910
710 2 _aИнститут ботаники АН АрмССР
090 _c153314
999 _c151920
_d151920